00577nam a22001937a 450000500170000001000150001702000230003203500130005503700130006808200140008110000170009524500510011226000370016327000810020030000260028150000400030765000190034765000170036620100818143551.0 aENG-100878 a8190084852c150.00 aEN-84411 bDBAD/PUB a309.15403 aKarpagam, R. aThe social history of cumbum /cby R. Karpagam aChennaibPrabhu Publishersc2008 aD 57, Syndicate Residency, No.36, Dr. THomas Road, T. NagarbChennaie600017 aviii,82p.c22cm (pbk) aincludes bibliographical references aSocial History aCivilization